| 000 | 00365nam a2200157Ia 4500 | ||
|---|---|---|---|
| 100 | _aArora/O.P | ||
| 650 | _aPower electronics | ||
| 942 | _cBK | ||
| 366 | _f20 | ||
| 245 | _aPower electronics Laboratory:Theroy practice and organisations | ||
| 260 |
_bNarosa _c2007 |
||
| 082 |
_a621.317 _bARO |
||
| 300 | _a356 | ||
| 546 |
_aENGLISH _cPAMPHALETS |
||
| 999 |
_c28171 _d28171 |
||